| 000 | 00953nam a22003137a 4500 | ||
|---|---|---|---|
| 001 | BR9508777 | ||
| 003 | BR-BrBNA | ||
| 005 | 20230928095122.0 | ||
| 007 | ta | ||
| 008 | 230509b bl.||||| |||| 00| 0 por d | ||
| 040 |
_aBR-BrBNA _bpor _cBiblioteca Nacional de Agricultura |
||
| 041 | _a(Por) | ||
| 072 |
_aJ10; E73 _b9000 |
||
| 090 | _ 9000 BR9508777 | ||
| 110 | 1 |
_aUniversidade Estadual de Campinas, SP (Brasil). Faculdade de Engenharia de Alimentos _910633 |
|
| 111 | 1 |
_aEncontro Municipal sobre o Desperdicio de Alimentos _cJundiai, SP (Brazil) _dOct 1993 |
|
| 245 | 1 | _aAnais do Encontro Municipal sobre o Desperdicio de Alimentos | |
| 260 | 3 |
_aCampinas, SP (Brasil): _c1993. |
|
| 300 | _a110 p. | ||
| 650 | _aAlimento | ||
| 650 | _aDesperdicio | ||
| 650 | _aPerda | ||
| 650 | _aConsumo Alimentar | ||
| 650 | _aArmazenamento | ||
| 650 | _aEmbalagem | ||
| 650 | _aTransporte | ||
| 909 |
_a202309 _bLucia _c55 _dLucia Elande |
||
| 942 | _cBK | ||
| 999 |
_c54627 _d54627 |
||